| LEADER 00000nam 2200000uu 4500 |
| 001 13399137001 |
| 003 ULIBM |
| 008 260422s2568||||th 000 0 tha d |
| 020 ^a9786160843107 |
| 050 ^aHG1710 ^b .อ644 2568 |
| 100 1 ^aอัมมูส, เซเฟดีน, ^d ค.ศ. 1980- |
| 245 14 ^aThe Bitcoin standard : ^b ระบบการเงินทางเลือกใหม่ไร้ศูนย์กลาง / ^c โดย Saifedean Ammous ; เรียบเรียงโดย พิริยะ สัมพันธารักษ์, จิงโจ้ Right Shift และพีรพัฒน์ หาญคงแก้ว. |
| 260 ^aกรุงเทพฯ : ^b บริษัท ซีเอ็ดยูเคชั่น จำกัด (มหาชน), ^c 2568. |
| 300 ^a499 หน้า : ^b ภาพประกอบ. |
| 500 ^aแปลจาก: The bitcoin standard : the decentralized alternative to central banking. c2018. |
| 520 ^a"The Bitcoin Standard" จะพาผู้อ่านเดินทางไปพบเรื่องราวประวัติศาสตร์ของเทคโนโลยีระบบการเงินที่น่าอัศจรรย์ ซึ่งจะเป็นบทเรียนให้เราเข้าใจว่าสิ่งใดเป็นคุณสมบัติที่สำคัญของเงิน และเข้าใจว่าบิตคอยน์ได้รับการออกแบบมาเพื่อพัฒนาเทคโนโลยีเหล่านี้ได้อย่างไร นอกจากนี้ยังชี้ให้เห็นถึงบทบาทที่บิตคอยน์จะส่งผลกระทบต่อระบบเศรษฐกิจดิจิทัลได้ในอนาคต บิตคอยน์ไม่ใช่สกุลเงินสำหรับอาชญากรหรือผู้กระทำผิด แต่บิตคอยน์จะเป็นทางเลือกใหม่ของระบบตลาดเสรีที่มีการกระจายศูนย์ มีความเป็นกลางทางการเมือง ที่จะมาแทนระบบธนาคารกลาง ซึ่งมีศักยภาพที่จะส่งผลต่อสิทธิเสรีภาพและความรุ่งเรืองส่วนบุคคลอย่างมหาศาล สำหรับใครที่กำลังพยายามทำความเข้าใจระบบเงินดิจิทัลรูปแบบใหม่นี้ The Bitcoin Standard จะช่วยสร้างความกระจ่างให้คุณได้มากยิ่งขึ้น |
| 650 4 ^aบิตคอยน์. |
| 650 4 ^aบิตคอยน์ ^x นโยบายของรัฐ. |
| 650 4 ^aการพาณิชย์อิเล็กทรอนิกส์. |
| 700 0 ^aพิริยะ สัมพันธารักษ์. |
| 700 0 ^aพีรพัฒน์ หาญคงแก้ว. |
| 740 4 ^aThe bitcoin standard : the decentralized alternative to central banking. |
| 999 ^aปวีนา มาลยาภรณ์ |